00653nam a2200169 a 450000100060000000300090000600800410001504000280005608200170008411000660010124500550016726000560022230000060027850000840028465000520036865000630042014043CO-ViMGA141112s2004 ck r 000 u spa d aCO-ViMGAbspacCO-ViMGA04a350.035 C656 aColombia - Presidente (1990 - 1994 : Gaviria Trujillo, Cesar)10aPrincipales discursos : bjulio 1992 - agosto 1994 aSantafé de Bogotá : bLinotipia Bolivar, c1994 a3 aV.1 : Gobierno. V.2 : Economía y Apertura. V. 3 : Política Internacional. 14aMENSAJES PRESIDENCIALES - COLOMBIA, 1992 - 199414aPRESIDENTES - COLOMBIA - DISCURSOS Y MENSAJES, 1992 - 1994